Countries with 1 Border - Statistics

General Stats
  • This quiz has been taken 23 times
    22 since last reset
  • The average score is 14 of 16
Answer Stats
Answer % Correct
San Marino
100%
South Korea
100%
Vatican City
100%
Ireland
95%
Dominican Republic
89%
Lesotho
89%
Monaco
89%
Portugal
89%
Haiti
84%
Qatar
84%
United Kingdom
84%
Brunei
74%
Papua New Guinea
74%
The Gambia
74%
Singapore
68%
Timor Leste
63%
No matching quizzes found
Score Distribution
Percent of People with Each Score
Percentile by Number Answered
Your Score History
You have not taken this quiz since the last reset